|
|
|
|
| LEADER |
00000nab a2200000 a 4500 |
| 001 |
vtls000748470 |
| 003 |
SK-MaSNL |
| 005 |
20260318115023.0 |
| 008 |
160401c2000 xo 0 ukr |
| 015 |
|
|
|a SNBRB2001/02-06194
|
| 035 |
|
|
|a CLN000100295
|
| 040 |
|
|
|a SNKBUCL
|b slo
|c SNKBUCL
|e AACR2
|
| 041 |
0 |
|
|a ukr
|
| 044 |
|
|
|a xo
|c SK
|
| 080 |
|
|
|a 355-051
|2 1997
|
| 080 |
|
|
|a 943.76"1945/..."
|2 1997
|
| 100 |
1 |
|
|a Mohoryta, Vasyľ
|4 aut
|9 1619447
|
| 245 |
1 |
0 |
|a Nezabutnij heneral
|b z pryvodu nedožytoho 105-riččja Ljudvika Svobody
|c Vasyľ Mohoryta
|
| 300 |
|
|
|b Fotogr.
|
| 600 |
1 |
7 |
|a Svoboda, Ludvík,
|d 1895-1979
|2 snkbucl
|9 111111
|
| 648 |
|
7 |
|a 1945
|2 SNKPH
|9 287702
|
| 650 |
0 |
7 |
|a dejiny
|2 SNKPH
|9 3825
|
| 651 |
|
7 |
|a 712
|2 snkbucl
|9 299153
|
| 651 |
|
7 |
|a Svidník (Slovensko : okres)
|2 snkbucl
|9 28651
|
| 655 |
|
7 |
|a články z novín a časopisov
|2 snkbucl
|9 267496
|
| 773 |
0 |
|
|t Nove žyttja
|g Roč. 50, č. 49-50 (2000), s. 3
|
| 850 |
|
|
|a Slovenská národná knižnica v Martine
|
| 852 |
|
|
|a SNK
|b KIS3GCP
|
| 958 |
|
|
|a UK
|
| 958 |
|
|
|a SK
|
| 958 |
|
|
|a RBX
|
| 999 |
|
|
|c 3336636
|d 3338566
|